Native Plants of Southern California - Statistics

General Stats
  • This quiz has been taken 5 times
    3 since last reset
  • The average score is 9 of 60
Answer Stats
Picture Answer % Correct
Beavertail Pricklypear
67%
California Poppy
67%
Joshua Tree
67%
Blue Dicks
33%
Brittlebush
33%
California Black Sage
33%
California Buckwheat
33%
California Elderberry
33%
California Milkweed
33%
California sagebrush
33%
California Sycamore
33%
California Wild Rose
33%
Chamise
33%
Chia
33%
Chilicothe
33%
Cobweb Thistle
33%
Coulter's Matilija Poppy
33%
Creosote
33%
Golden Yarrow
33%
Manzanita
33%
Ocotillo
33%
Sacred Datura
33%
St. Catherine's Lace
33%
Toyon
33%
White Sage
33%
Arroyo Willow
0%
Bajada Lupine
0%
Bladderpod
0%
Blue Palo Verde
0%
California Black Walnut
0%
California Croton
0%
California Dodder
0%
California Fan Palm
0%
California Yerba Santa
0%
Canyon Live Oak
0%
Ceanothus
0%
Chaparral Yucca
0%
Coast Live Oak
0%
Coffeeberry
0%
Coulter pine
0%
Giant Blazingstar
0%
Golden Currant
0%
Gooseberry
0%
Grape Soda Lupine
0%
Hummingbird Sage
0%
Jeffrey Pine
0%
Laurel Sumac
0%
Lemonade Berry
0%
Pacific Poison Oak
0%
Scarlet Bugler
0%
Screwbean Mesquite
0%
Showy Penstemon
0%
Silverpuffs
0%
Snake Cholla
0%
Soap plant
0%
Sticky Monkey-flower
0%
Summer Lupine
0%
Teddy-bear Cholla
0%
Torrey Pine
0%
Yellow Palo Verde
0%
No matching quizzes found
Score Distribution
Percent of People with Each Score
Percentile by Number Answered
Your Score History
You have not taken this quiz since the last reset